|
|
|
|
| LEADER |
01522nta a2200277 i 4500 |
| 001 |
dokt12410 |
| 005 |
20260325115939.0 |
| 008 |
241113s2025 hu om 000 eng d |
| 024 |
7 |
|
|a 10.14232/phd.12410
|2 doi
|
| 024 |
7 |
|
|a 36134719
|2 mtmt
|
| 040 |
|
|
|a SZTE Doktori Repozitórium
|b hun
|
| 041 |
|
|
|a eng
|
| 100 |
1 |
|
|a Romhányi Dóra
|
| 245 |
1 |
0 |
|a Peripheral nervous system and histone acetylation-related alterations of gene expression in non-lesional psoriatic skin
|h [elektronikus dokumentum] /
|c Romhányi Dóra
|
| 246 |
1 |
0 |
|a Perifériás idegrendszeri és hiszton acetilációval összefüggő génexpresszionális elváltozások a tünetmentes pikkelysömörös bőrben
|h [elektronikus dokumentum]
|
| 260 |
|
|
|c 2025-02-19
|
| 300 |
|
|
|a 88
|
| 502 |
|
|
|a Disszertacio
|
| 650 |
|
4 |
|a klinikai orvostudományok
|
| 650 |
|
4 |
|a Immunbetegségek biológiai alapjai
|
| 700 |
0 |
1 |
|a Groma Gergely
|e ths
|
| 856 |
4 |
0 |
|u https://doktori.bibl.u-szeged.hu/id/eprint/12410/5/RDphDth%C3%A9zisvegleges.pdf
|z Dokumentum-elérés
|
| 856 |
4 |
0 |
|u https://doktori.bibl.u-szeged.hu/id/eprint/12410/3/tezisfuzetRDangolvegleges.pdf
|z Dokumentum-elérés
|
| 856 |
4 |
0 |
|u https://doktori.bibl.u-szeged.hu/id/eprint/12410/4/tezisfuzetRDmagyarvegleges.pdf
|z Dokumentum-elérés
|
| 856 |
4 |
0 |
|u https://doktori.bibl.u-szeged.hu/id/eprint/12410/1/HistoneandHistoneAcetylationRelatedAlterationsofGene.pdf
|z Dokumentum-elérés
|
| 856 |
4 |
0 |
|u https://doktori.bibl.u-szeged.hu/id/eprint/12410/2/TranscriptionalAnalysisBasedAlterationsAffecting.pdf
|z Dokumentum-elérés
|